000 00431nam a2200181Ia 4500
001 24783
005 20260414151106.0
008 260414t2014||||xx |||||||||||||| ||spa||
041 _aESP
082 _a345.733
_bT18
100 _aTambini Ávila, Mónica
_eAUT
245 0 _aManual de derecho notarial
_b
260 _c2014
300 _a941 páginas :
_c25 cm.
650 _aDER
654 _aCDE
942 _cLIB
_dJUS
_fJUS
_2ddc
_n
999 _c24783
_d24783